00753nam a2200253 a 4500001001300000003000900013005001700022008004100039020002300080082001500103100002200118245004100140260004400181300000800225500003500233505001700268650002100285650002300306700002200329902000800351942000700359952011600366999001700482nice12345678IN_TiNIC20260116013645.0050524s1986 lona grp 000 0 eng  a019003X c10000a704.9bDAN aDaneshvari, Abbas aAnimal Symbolism in Warqa Wa Gulshah aLondan bOxford University Press c1986 a91p aincludes index and biblioraphy2 aBibliography aWarqa Wa Gulshah aIconography-Animal1 aDaneshvari, Abbas bSRS cBK 001040708StackRoom-aHMIbHMId2007-06-12g100.00l0o704.9 DANp016741r2007-06-12v100.00w2005-05-24yBK c11839d11839